| 000 | 00399nam a2200121 4500 | ||
|---|---|---|---|
| 999 |
_c13605 _d13605 |
||
| 008 | 190329b ||||| |||| 00| 0 eng d | ||
| 100 |
_937928 _aTayao-Juego, Annelle |
||
| 245 |
_aFor Filipinos, becoming an entrepreneur is a big deal/ _cAnnelle Tayao-Juego |
||
| 260 |
_aPhilippines _bPhilippine Daily Inquirer _cc2018 |
||
| 300 | _apage B3-1. | ||
| 650 | 0 |
_937929 _aEntrepreneurship. |
|
| 942 |
_2ddc _cPER |
||